Регионална библиотека "Любен Каравелов" - Русе

Американская фантастическая проза (Запис номер 109391)

MARC детайли
000 -Лидер
Контролно поле с фиксирана дължина 01820nam a2200397 c 4500
003 - Код на организацията, давaща контролен номер
Контролно поле BLK
005 - Дата и час на последна редакция
Контролно поле 20230316173614.0
008 - Елементи от данни с фиксирана дължина
fixed length control field 180409b bul|||||r ||||||| ||bul||
010 ## - Наследен системен номер
LC control number KNG00114707000
020 ## - Международен стандартен номер на книга ISBN
Международен стандартен номер на книга ISBN 5-05-002574-5
-- издат.: Радуга
040 ## - Източник на каталожния запис
Идентификатор на билиотеката - собственик на записа BLK
041 ## - Код за език
Код за езика на текст/звукозапис или на отделно заглавие Руски
Код за езика КДБФ Руски
080 ## - УДК
Текстов определител УДК Американска литература (на САЩ)
УДК код - определител по УДК 821.111(73)
УДК определител -312.9
УДК - код + определител 821.111(73)-312.9
080 ## - УДК
Текстов определител УДК Американска литература (на САЩ)
УДК код - определител по УДК 821.111(73)
УДК определител -322.9
УДК - код + определител 821.111(73)-322.9
139 ## - Редно поле
Редна дума Американская фантастическая проза
Авторски знак Аме - А 61
245 10 - Сведения за заглавието
Заглавие Американская фантастическая проза
Подзаглавни данни Кн. 1 - За том: Роман ; Рассказы
Редно поле (дума) авт. на том Клиффорд Саймак; * Роберт Шекли.
Том Кн. 2
Заглавие на том Пересадочная станция
257 ## - Страна на издаване
Страна на създаване/издаване Съединени американски щати
260 ## - Област на издателските данни
-- Москва
Име на издателя, разпространителя и проч. Радуга
Година на издаване 1990 -
Печатница Можайск : ПК В/О Совэкспорткнига
300 ## - Физическа характеристика
Размери/Мащаб 21 см
380 ## - Жанр
Жанр Худож. лит.
490 1# - СЕРИИ (Колекции)
Име на серия Библиотека фантастики в 24 т.
№: серия Т. 18. Кн.2)
500 ## - Общи забележки
Забележка Офс. изд.
505 ## - Форматирана забележка
Подзаглавни данни Повесть ; Рассказы
Авторската отговорност Роберт Шекли
Заглавие Цивилизация статуса
653 ## - Ключова дума – ненормативна
Ключова дума фантастика
653 ## - Ключова дума – ненормативна
Ключова дума романи
653 ## - Ключова дума – ненормативна
Ключова дума разкази
653 ## - Ключова дума – ненормативна
Ключова дума повести
700 1# - Други автори (авторска отговорност)
Лично име Саймак, Клиффорд
Автороска отговорност (Описва отношението между автора и произведението) авт. на том
9 (RLIN) 118467
700 1# - Други автори (авторска отговорност)
Лично име Шекли, Роберт
Автороска отговорност (Описва отношението между автора и произведението) *
9 (RLIN) 311534
760 1# - Описание на основната серия
Страници - том 560 с.
Забележка - том Без сведение за ориг. загл. - 400 000 тир.
Заглавие Кн. 2 Пересадочная станция
852 ## - Местоположение
Форматна сигнатура Цб 161984
856 4# - Електронен адрес и достъп
Електронен формат pdf - файл
Път до файла /url/
856 4# - Електронен адрес и достъп
Електронен формат pdf - файл
Път до файла /url/
942 ## - АРТИКУЛИ
Вид на библиотечния материал Книги
Скрит в OPAC Не
Koha issues (borrowed), all copies 2
944 ## - СЪЗДАВАНЕ И РЕДАКЦИЯ на ЗАПИСА
Създаване/Редакция Създаване
Дата на регистрацията/редакция 20.08.2004
Служител, извършил регистрацията/редакцията Людмила_Стоянова
944 ## - СЪЗДАВАНЕ И РЕДАКЦИЯ на ЗАПИСА
Създаване/Редакция Редакция
Дата на регистрацията/редакция 09.11.2004
Служител, извършил регистрацията/редакцията
999 ## - СИСТЕМНИ КОНТРОЛНИ НОМЕРА
Koha biblionumber 109391
Koha biblioitemnumber 109391
Наличности
Код за отписване Код за изгубен артикул Код за повреда Коз за рестрикции Код за отдаване Артикулен № Име на библиотеката - собственик Име на библиотеката, в която се намира в момента Статус (Текущо местоположение) Дата на вписване в системата Местоположение - отдел Цена в лева Инвентарен номер Систематично азбучна сигнатура Баркод Номер на екземпляра Цена в евро Служебна бележка Служебен тип на артикула
  Не е изгубен Не е повреден без рестрикции заемане за дома 176113 Регионална библиотека "Любен Каравелов" Русе Регионална библиотека "Любен Каравелов" Русе Заемна - подръчен фонд 2004-08-20 Заемна - подръчен фонд 4.50 120000687819 П 820(73)-31/А 61 120000687819 1 2.30 Дост: DA Вид: А N: 20 Дата: 19.08.2004 Дата инв: 09.02.2018 Бележки инв: П2018 Книги
Vip Innovations Ltd, Rousse, Bulgaria 2025